Regulación
Uloženo v:
| Hlavní autor: | |
|---|---|
| Médium: | Neznámo |
| Jazyk: | angličtina |
| Vydáno: |
Marcial Pons
2017
|
| Témata: | |
| Tagy: |
Přidat tag
Žádné tagy, Buďte první, kdo vytvoří štítek k tomuto záznamu!
|
MARC
| LEADER | 00000 a2200000 4500 | ||
|---|---|---|---|
| 003 | CL-VaPUC | ||
| 005 | 20220825151233.0 | ||
| 008 | 200108b ||||| |||| 00| 0 eng d | ||
| 999 | |c 376438 |d 376436 | ||
| 020 | |a 9788491232629 | ||
| 040 | |c Pontificia Universidad Católica de Valparaíso | ||
| 082 | |a 343.07 GUA 2017 | ||
| 100 | |a Guayo Castella, Iñigo Del |9 605645 | ||
| 245 | |a Regulación | ||
| 260 | |b Marcial Pons |c 2017 | ||
| 583 | |k Hugo Gaete |c 20200108 | ||
| 650 | 0 | 0 | |a Regulación |9 378512 |
| 650 | 0 | 0 | |a Regulación económica |9 400177 |
| 650 | 0 | 0 | |a Servicios públicos |9 328528 |
| 650 | 0 | 0 | |a Derecho administrativo |9 254851 |
| 942 | |2 ddc |c BK | ||
| 952 | |0 0 |1 0 |2 ddc |4 0 |6 343_070000000000000_GUA_2017 |7 0 |9 495837 |a BIBDER |b BIBDER |d 2020-01-07 |e 36 |g 23105.00 |i 5571626 |l 5 |m 1 |o 343.07 GUA 2017 |p 5571626 |r 2024-12-19 |s 2024-12-19 |t 1 |v 23105.00 |w 2020-01-07 |y BK |k DER | ||